Modern technology of printing & writing inks (Record no. 153070)

MARC details
000 -LEADER
fixed length control field 00600nam a22002177a 4500
003 - CONTROL NUMBER IDENTIFIER
control field dpl
005 - DATE AND TIME OF LATEST TRANSACTION
control field 20180625151141.0
008 - FIXED-LENGTH DATA ELEMENTS--GENERAL INFORMATION
fixed length control field 180625b xxu||||| |||| 00| 0 eng d
010 ## - LIBRARY OF CONGRESS CONTROL NUMBER
LC control number B-061179
020 ## - INTERNATIONAL STANDARD BOOK NUMBER
International Standard Book Number 8178330822
Terms of availability 750.00
035 ## - SYSTEM CONTROL NUMBER
System control number B-061179
037 ## - SOURCE OF ACQUISITION
Source of stock number/acquisition BPPD/PUB
040 ## - CATALOGING SOURCE
Transcribing agency 0
082 ## - DEWEY DECIMAL CLASSIFICATION NUMBER
Classification number 667.4
100 ## - MAIN ENTRY--PERSONAL NAME
Personal name Board, NIIR
245 ## - TITLE STATEMENT
Title Modern technology of printing & writing inks
Statement of responsibility, etc by NIIR Board
260 ## - PUBLICATION, DISTRIBUTION, ETC. (IMPRINT)
Place of publication, distribution, etc Delhi
Name of publisher, distributor, etc Asia Pacific Business Press Inc.
270 ## - ADDRESS
Address 106-E, Kamla Nagar,
City Delhi
Postal code 110007
300 ## - PHYSICAL DESCRIPTION
Extent 452p
Dimensions 23cm
942 ## - ADDED ENTRY ELEMENTS (KOHA)
Source of classification or shelving scheme Dewey Decimal Classification
Koha item type English Books
Classification part 667.4
Call number suffix MOD
Holdings
Withdrawn status Lost status Source of classification or shelving scheme Damaged status Not for loan Collection code Home library Current library Date acquired Source of acquisition Cost, normal purchase price Total Checkouts Full call number Barcode Date last seen Date checked out Cost, replacement price Price effective from Koha item type
    Dewey Decimal Classification     Non-fiction Shahdara Branch Shahdara Branch 25/06/2018 BPPD/PUB 750.00 1 667.4 MOD B-061179 03/12/2018 27/11/2018 750.00 25/06/2018 English Books

© Delhi Public Library
Hit Counter
free hit counter